Advanced molecular plant breeding : (Record no. 18920)

000 -LEADER
fixed length control field 00666cam a2200217 i 4500
020 ## - INTERNATIONAL STANDARD BOOK NUMBER
ISBN 9781771886642 (hardcover : alk. paper)
020 ## - INTERNATIONAL STANDARD BOOK NUMBER
ISBN 1771886641 (hardcover : alk. paper)
040 ## - CATALOGING SOURCE
Transcribing agency DLC
082 00 - DEWEY DECIMAL CLASSIFICATION NUMBER
Classification number 631 ASI 1997 C154 Or.
245 00 - TITLE STATEMENT
Title Advanced molecular plant breeding :
Remainder of title meeting the challenge of food security /
300 ## - PHYSICAL DESCRIPTION
Number of Pages xxvi, 700 pages :
Other physical details illustrations (some color) ;
Dimensions 24 cm
650 #0 - SUBJECT ADDED ENTRY--TOPICAL TERM
Topical Term Plant genetic engineering.
650 #0 - SUBJECT ADDED ENTRY--TOPICAL TERM
Topical Term Plant breeding.
650 #0 - SUBJECT ADDED ENTRY--TOPICAL TERM
Topical Term Crops
650 12 - SUBJECT ADDED ENTRY--TOPICAL TERM
Topical Term Plant Breeding
650 22 - SUBJECT ADDED ENTRY--TOPICAL TERM
Topical Term DNA Shuffling
650 22 - SUBJECT ADDED ENTRY--TOPICAL TERM
Topical Term Crops, Agricultural
650 22 - SUBJECT ADDED ENTRY--TOPICAL TERM
Topical Term Crop Production
700 1# - ADDED ENTRY--PERSONAL NAME
Personal name Bharadwaj, D. N.
942 ## - ADDED ENTRY ELEMENTS (KOHA)
Koha item type ADB
952 ## - LOCATION AND ITEM INFORMATION (KOHA)
Withdrawn status [LOCAL, KOHA] 0
Holdings
Koha item type Source of acquisition Lost status Permanent Location Current Location Date acquired Full call number
សៀវភៅភាសាអង់គ្លេសA38932 Library Block CLibrary Block C2020-02-11631 ASI 1997 C154 Or.
មជ្ឈមណ្ឌលឯការនៃសាកលវិទ្យាល័យភូមិន្ទកសិកម្មចំការដូង

Powered by Koha